| 000 | 00822nam a2200205 i 4500 | ||
|---|---|---|---|
| 001 | 161273 | ||
| 003 | ES-MaACL | ||
| 005 | 20240521100101.0 | ||
| 008 | 950614s1881 sp |||| | spa d | ||
| 040 |
_aGA _bspa _cCCPB | SIC |
||
| 100 | 1 |
_aPalacio Valdés, Armando, _d1853-1938 _988382 |
|
| 245 | 1 | 3 |
_aEl Señorito Octavio _b: novela sin pensamiento trascendental / _cpor Armando Palacio Valdés. |
| 260 |
_aMadrid : _bLibrería de Fernando Fé, _c1881 ( _fTip. Correspondencia Ilustrada a cargo de E. Lluch) |
||
| 300 |
_a369 p. ; _c18 cm. |
||
| 530 | _aDisponible en formato digital. | ||
| 852 |
_aES-MaACL _jB-4219 _xEnc. pasta española |
||
| 856 |
_uhttp://bdh-rd.bne.es/viewer.vm?id=0000248562&page=1 _yVersión en línea _zBiblioteca Digital Hispánica |
||
| 942 | _2udc | ||
| 999 |
_c161273 _d161273 |
||